Rosco de Pasapalabra #16 - Estadísticas

Estadísticas generales
  • Esta prueba ha sido intentada 673 veces
  • La puntuación promedio es 13 de 25
Estadísticas de respuestas
Inicial Definición Respuesta % Correcto
F Especialista en el tratamiento de lesiones por medios físicos, como el calor o el frío, o por ejercicios Fisioterapeuta
88%
P Insignia o distintivo que llevan los agentes de policía para acreditar que lo son Placa
85%
J Tienda donde se vende jabón Jabonería
84%
G Conjunto de reses que se llevan juntas a pastar Ganado
83%
D Composición musical para dos instrumentos o voces Dúo
82%
T Unidad de peso equivalente a mil kilogramos Tonelada
82%
B Escultura o pintura de la cabeza y parte superior del tronco humano Busto
76%
R Acción y efecto de emitir el gato un sonido ronco y prolongado en señal de satisfacción Ronroneo
75%
Contiene la Y Señalar por debajo con una raya alguna letra, palabra o frase escrita, para llamar la atención sobre ella Subrayar
71%
E Situación de tensión nerviosa prolongada, que puede alterar ciertas funciones del organismo Estrés
70%
I Se dice de la habitación o vivienda que no tiene vistas a la calle Interior
67%
L Que es independiente de cualquier organización o confesión religiosa Laico
65%
A Corte vertical en el terreno, particularmente en la costa Acantilado
64%
Contiene la Ñ Salsa o conjunto de condimentos con que se adereza un alimento o una comida Aliño
64%
S Cantidad positiva o negativa que resulta de una cuenta Saldo
51%
C Cilindro en el que se enrolla la película fotográfica Carrete
50%
Contiene la X En geometría, cuerpo de seis caras Hexaedro
49%
Contiene la Q Personaje de la comedia del arte italiana que vestía un traje de rombos de distintos colores Arlequín
40%
N Coloquialmente, noticia extraordinaria, o poco digna de crédito Notición
35%
V Dispersar un líquido en pequeñas gotas Vaporizar
22%
O Capacidad para realizar una función Operatividad
8%
Z Muchacho que mantiene todavía el aspecto o el comportamiento de un niño Zangolotino
4%
H Viento del nordeste, muy cálido y polvoriento, que sopla en el oeste de África durante la estación seca Harmatán
1%
U Nombre del centro nacional de ciencias de Suecia, inaugurado en 2001 en la ciudad de Gotemburgo Universeum
1%
M Apellido del arquitecto, ganador del premio Pritzker en 2002 Murcutt
0%
No se encontraron pruebas coincidentes
Distribución de puntuación
Porcentaje de gente con cada puntuación
Porcentaje por número respondido
Historial de tus puntuaciones
No has intentado esta prueba.